Statistics for Rex Orange County Charting Songs (Billboard Hot Rock)

Click here to take the quiz!

General Stats

  • This quiz has been taken 46 times
  • The average score is 8 of 11

Answer Stats

AlbumWeeks OnPeakArtist(s)Song% Correct
Pony17 Weeks#7Rex Orange CountyPluto Projector
97%
Pony18 Weeks#6Rex Orange County10/10
86%
Pony2 Weeks#16Rex Orange CountyAlways
78%
Pony3 Weeks#8Rex Orange CountyFace to Face
75%
Pony1 Week#21Rex Orange CountyNever Had The Balls
75%
Pony1 Week#27Rex Orange CountyIt's Not the Same Anymore
72%
Pony1 Week#28Rex Orange CountyStressed Out
67%
Pony1 Week#26Rex Orange CountyLaser Lights
58%
Pony1 Week#24Rex Orange CountyIt Gets Better
56%
Non-Album Single1 Week#40Rex Orange CountyNew House
56%
Pony1 Week#30Rex Orange CountyEvery Way
50%

Score Distribution

Percentile by Number Answered

Percent of People with Each Score

Your Score History

You have not taken this quiz